000 01133nam a2200265 a 4500
001 000025977
003 DO-SdBNP
005 20240530073935.0
008 110218s1983 dr 001 0 spa d
040 _aDO-SdBNP
_bspa
_cBNPHU
049 _aBNPD
082 4 _aRD864.44
_bJ82t, 1986
_222
100 1 _aJorge Blanco, Salvador,
_d1926-2010
_930551
245 1 0 _aTemas para la prensa /
_cSalvador Jorge Blanco.
250 _a2a. ed.
260 _aSanto Domingo :
_bM y L.,
_c1983.
300 _a404 p. ;
_c23 cm.
505 0 _gLiminar /
_rEmilio Rodríguez Demorizi --
_tTemas internacionales --
_tTemas políticos y constitucionales --
_tTemas sociales y legales --
_tTemas universitarios --
_tDerechos humanos --
_tTemas históricos y culturales --
_tOfrendas póstumas.
650 0 _aEnsayos dominicanos
_965
650 4 _aDiarios dominicanos
_xSecciones, columnas, etc.
_944
651 4 _aRepública Dominicana
_xCondiciones sociales
_xEnsayos, conferencias, etc.
_91166
651 4 _aRepública Dominicana
_xPolítica y gobierno
_xEnsayos, conferencias, etc.
_91167
910 _aValidado. Control de calidad EMS
942 _2ddc
_cLBS1
999 _c25469
_d25469